00375nam a2200145Ia 4500008004100000041000800041082001500049100002100064245004400085250001200129260003900141300000800180365000800188700003300196230718s9999 xx 000 0 und d aeng a621.7bCHO aChoudhury S.K.H. aElements Of Workshop Technology Vol-II  a4th ed. c1979bMedia Promoters & Publishers a572 cRs. aChoudhury S.K.H. & Bose S.K.